000 01446cam a22002891a 4500
001 gs 57000258
003 DLC
005 20260227111405.0
008 790322s1957 dcuab b f001 0 eng c
010 _ags 57000258
035 _a(OCoLC)4768392
040 _aU. S. Geol. Survey Libr.
_cAzU
_dDNAL
_dOCoLC
_dDLC
042 _apremarc
050 0 0 _aTC801
_b.U2 no. 1492
070 0 _a407
_bG29W no.1492
072 0 _aP200
100 1 _aVorhis, Robert Corson,
_d1917.
245 1 0 _aBibliography of publications relating to ground water /
_cprepared by the Geological Survey and cooperating agencies 1946-55, by Robert C. Vorhis.
260 _aWashington, D.C. :
_bU.S. G.P.O.,
_c1957.
300 _aiii, 203 p. :
_bill., map ;
_c23 cm.
440 0 _aGeological Survey water-supply paper ;
_v1492
500 _aIncludes index.
501 _aCopy 1 with : Compilation of records of surface waters of the United States through September 1950. pt.8. Western Gulf of Mexico Basins. Washington, D.C. : U.S. G.P.O., 1960. Bound together subsequent to publication.
_5DLC
501 _aCopy 2 with : Geologic and ground-water reconnaissance of the Loup River drainage basin, Nebraska, 1959 -- Geology and ground-water resources of the Matanuska Valley agricultural area, Alaska, 1960. Washington, D.C. : U.S. G.P.O. Bound together subsequent to publication.
_5DLC
650 0 _aWater-supply
_vBibliography.
650 0 _aGroundwater
_vBibliography.
999 _c29181
_d29181